Geography Quiz

Random Geography or State Quiz

Concentrated US States Quiz Stats

Quiz Updated Aug 22, 2012

Challenge
Share
Tweet
Embed
Score 0/50 Timer 05:00
19 Plays Today
Concentrated State Name Full State Name % Correct
HIOOhio
91.8%
CEKNTUYKentucky
90%
AESTXTexas
88.5%
ILNOSIllinois
86.6%
ADHIOIdaho
83.3%
ADFILORFlorida
82.2%
AGHINOSTWWashington
81.9%
AIOWIowa
81.1%
AINORZArizona
80.7%
ABLMAlabama
80.3%
AHTUUtah
80.1%
EJNRSWYNew Jersey
79.5%
AKLSAlaska
78.8%
AKNSKansas
78.2%
AEIMNMaine
78.2%
ADENVNevada
78.1%
AGINRVVirginia
77.2%
AKNRSArkansas
76.9%
AHKLMOOklahoma
75.7%
AHIWHawaii
75.6%
ACGHIMNMichigan
75.3%
AEGINRSTVWWest Virginia
73.8%
ACFILNORCalifornia
73.3%
AEGIORGeorgia
73.1%
CINOSWWisconsin
72.5%
Concentrated State Name Full State Name % Correct
ADHKNORTNorth Dakota
71.5%
ACDLORColorado
71.5%
ENSTTennessee
69%
GIMNOWYWyoming
68.1%
EMNORTVVermont
67.1%
IMPSMississippi
66.2%
ACHILNORTNorth Carolina
65.6%
ADHKOSTUSouth Dakota
65.6%
CEIMNOWXNew Mexico
65.3%
ADINIndiana
65.1%
EGNOROregon
64.5%
EKNORWYNew York
63.9%
AMNOTMontana
63.3%
AEILNPSVYPennsylvania
61.9%
ADELRWDelaware
59.1%
AEHIMNPRSWNew Hampshire
58.5%
IMORSUMissouri
54.8%
ACHILNORSTUSouth Carolina
53.2%
ACEHMSTUMassachusetts
52.1%
ADLMNRYMaryland
50.3%
ABEKNRSNebraska
49.1%
AEIMNOSTMinnesota
48.1%
AILNOSULouisiana
43.3%
CEINOTUConnecticut
41.1%
ADEHILNORSRhode Island
32.5%

You're not logged in!

Compare scores with friends on all Sporcle quizzes.
Join for Free
OR
Log In

You Might Also Like...

Show Comments

Extras

Top Quizzes Today


Score Distribution

Your Account Isn't Verified!

In order to create a playlist on Sporcle, you need to verify the email address you used during registration. Go to your Sporcle Settings to finish the process.

Report this User

Report this user for behavior that violates our Community Guidelines.

Details: